Normal view
MARC view
- الموت- يوم القيامة- اختبارات- اسئلة
Entry Topical Term
001 - CONTROL NUMBER
- control field: 35734
003 - CONTROL NUMBER IDENTIFIER
- control field: JO-AjAnu
005 - DATE AND TIME OF LATEST TRANSACTION
- control field: 20230606075955.0
008 - FIXED-LENGTH DATA ELEMENTS
- fixed length control field: 230606|| aca||aabn | a|a d
040 ## - CATALOGING SOURCE
- Original cataloging agency: JO-AjAnu
- Transcribing agency: JO-AjAnu
150 ## - HEADING--TOPICAL TERM
- Topical term or geographic name entry element: الموت- يوم القيامة- اختبارات- اسئلة
670 ## - SOURCE DATA FOUND
- Source citation: Work cat.: (JO-AjAnu)18349: بن باز، عبد العزيز... وآخرون، جمع وإعداد هشام محمد أبو حاكمة, author 35733, الموت وحساب القبر والآخرة : أسئلة و أجوبة يجيب عنها العلماء